000
00324nam a2200145Ia 4500
008
100122s9999 xx 000 0 und d
082
_b
16162
_a
808.88
100
_a
RESWIN MAX
245
_a
SICK JOKES
260
_b
POCKET BOOKS
_c
1967
300
_a
250
630
_a
SICK JOKES
730
_a
SICK JOKES
942
_c
BOOK
999
_c
365098
_d
365095